<?xml version="1.0" encoding="UTF-8"?>
<record
    xmlns:xsi="http://www.w3.org/2001/XMLSchema-instance"
    xsi:schemaLocation="http://www.loc.gov/MARC21/slim http://www.loc.gov/standards/marcxml/schema/MARC21slim.xsd"
    xmlns="http://www.loc.gov/MARC21/slim">

  <leader>01127nas a2200277   4500</leader>
  <datafield tag="999" ind1=" " ind2=" ">
    <subfield code="c">40793</subfield>
    <subfield code="d">40793</subfield>
  </datafield>
  <controlfield tag="005">20200515102252.0</controlfield>
  <controlfield tag="007">cz aa aaaaa</controlfield>
  <controlfield tag="008">200426c           m||poo|||| 00| 00eng d</controlfield>
  <datafield tag="022" ind1=" " ind2=" ">
    <subfield code="a">2582-4406(P)</subfield>
  </datafield>
  <datafield tag="022" ind1=" " ind2=" ">
    <subfield code="a">2582-3574(E)</subfield>
  </datafield>
  <datafield tag="040" ind1=" " ind2=" ">
    <subfield code="c">oclc</subfield>
  </datafield>
  <datafield tag="082" ind1=" " ind2=" ">
    <subfield code="a">420</subfield>
    <subfield code="b">JOU/E</subfield>
  </datafield>
  <datafield tag="210" ind1=" " ind2=" ">
    <subfield code="a">IJELLH</subfield>
  </datafield>
  <datafield tag="245" ind1=" " ind2=" ">
    <subfield code="a">Smart Moves Journal IJELLH</subfield>
    <subfield code="h">e-Journal (Open Access)</subfield>
  </datafield>
  <datafield tag="247" ind1=" " ind2=" ">
    <subfield code="a">International Journal of English Language, Literature in Humanities </subfield>
  </datafield>
  <datafield tag="260" ind1=" " ind2=" ">
    <subfield code="a">Bhopal, (M.P.), India.</subfield>
    <subfield code="b">SMART MOVES publications</subfield>
  </datafield>
  <datafield tag="300" ind1=" " ind2=" ">
    <subfield code="a">PDF(online)</subfield>
  </datafield>
  <datafield tag="310" ind1=" " ind2=" ">
    <subfield code="a">Monthly</subfield>
  </datafield>
  <datafield tag="365" ind1=" " ind2=" ">
    <subfield code="e">Open Access</subfield>
  </datafield>
  <datafield tag="500" ind1=" " ind2=" ">
    <subfield code="a">SMART MOVES JOURNAL IJELLH is a peer-reviewed (refereed) and open access journal. IJELLH is indexed with  Google Scholar and  Internet Archive, Academia.Smart Moves Journal IJELLH provides researchers an online platform to publish their research material, research papers.</subfield>
  </datafield>
  <datafield tag="650" ind1=" " ind2="0">
    <subfield code="a">Language</subfield>
    <subfield code="v">English &amp; Old English</subfield>
    <subfield code="x">English</subfield>
    <subfield code="9">2316</subfield>
  </datafield>
  <datafield tag="651" ind1=" " ind2="0">
    <subfield code="9">2254</subfield>
    <subfield code="a">India</subfield>
  </datafield>
  <datafield tag="655" ind1=" " ind2="0">
    <subfield code="9">2257</subfield>
    <subfield code="a">e-Journal</subfield>
  </datafield>
  <datafield tag="856" ind1=" " ind2=" ">
    <subfield code="u">http://www.ijellh.com/OJS/index.php/OJS/index</subfield>
  </datafield>
  <datafield tag="942" ind1=" " ind2=" ">
    <subfield code="2">ddc</subfield>
    <subfield code="c">EJ</subfield>
    <subfield code="h">420</subfield>
    <subfield code="k">420</subfield>
    <subfield code="m">JOU/E</subfield>
    <subfield code="s">1</subfield>
  </datafield>
</record>
